Teenage Dream-Album (Katy Perry) - Statistics

General Stats
  • This quiz has been taken 27 times
  • The average score is 10 of 12
Answer Stats
Hint Answer % Correct
3. (Feat. Snoop Dogg) California Gurls
100%
2. Last Friday Night (T.G.I.F)
94%
1. Teenage Dream
94%
8. E.T
89%
7. The One That Got Away
89%
4. Firework
83%
5. Peacock
83%
6. Circle The Drain
78%
12. Not Like The Movies
78%
11. Hummingbird Heartbeat
72%
10. Pearl
67%
9. Who Am I Living For?
50%
No matching quizzes found
Score Distribution
Percent of People with Each Score
Percentile by Number Answered
Your Score History
You have not taken this quiz